000 00690nam a2200229Ii 4500
003 JO-AjNU
008 230605s9999||||xx |||||||||||||| ||und||
017 _a2007/2/207
020 _a978-9957-09-280-1
040 _aJO-AjNU
_bara
_erda
_cJO-AjNU
041 _aara
050 1 4 _aPJ7826.H56.S37 2007
100 3 _aتأليف غريب، مصطفى محمد,
_eauthor
_948814
245 0 0 _aتصدع في الطيران
250 _aط1
264 3 1 _aعمان:دار أزمنة للنشر،2007
300 _a165ص
336 _atext
_btxt
_2rdacontent
337 _aunmediated
_bn
_2rdamedia
338 _avolume
_bnc
_2rdacarrier
650 4 _aالأدب العربي - قصص
_948815
999 _aA21402
_c24970
_d24970